00321nam a2200133Ia 4500008004100000041000800041082001200049100001300061245003100074250001400105260003500119300002600154365000700180240624s9999 xx 000 0 und d aeng a004 DIX aDIX ALAN aHUMAN COMPUTER INTERACTION a(3rd ed.) c2004aDelhibPearson Education axxv, : 834 : cm. ; 24 cRS